Распространенность редкоземельных элементов в природных водах Хакасии; Известия Томского политехнического университета [Известия ТПУ]; Т. 322, № 1 : Науки о Земле

Bibliografiske detaljer
Parent link:Известия Томского политехнического университета [Известия ТПУ]/ Томский политехнический университет (ТПУ).— , 2000-
Т. 322, № 1 : Науки о Земле.— 2013.— [С. 141-146]
Hovedforfatter: Гусева Н. В. Наталья Владимировна
Andre forfattere: Копылова Ю. Г. Юлия Григорьевна, Леушина С. К. Софья Константиновна
Summary:Заглавие с титульного листа
Электронная версия печатной публикации
Исследована распространенность редкоземельных элементов в природных водах Хакасии (Ширинский район). Выявлено влияние физико-химических показателей вод на особенности поведения редкоземельных элементов. Установлены уровни накопления элементов в озерных, речных и подземных водах. Предложен новый подход к нормированию содержаний редкоземельных элементов в водах по кларкам гидросферы.
Sprog:russisk
Udgivet: 2013
Serier:Гидрогеология
Fag:
Online adgang:http://earchive.tpu.ru/bitstream/11683/4642/1/bulletin_tpu-2013-322-1-24.pdf
Format: MixedMaterials Electronisk Book Chapter
KOHA link:https://koha.lib.tpu.ru/cgi-bin/koha/opac-detail.pl?biblionumber=233943

MARC

LEADER 00000nla2a2200000 4500
001 233943
005 20250428133731.0
035 |a (RuTPU)RU\TPU\book\255027 
035 |a RU\TPU\book\255000 
090 |a 233943 
100 |a 20130314d2013 k y0rusy50 ca 
101 0 |a rus 
102 |a RU 
135 |a drnn ---uucaa 
181 0 |a i  
182 0 |a b 
200 1 |a Распространенность редкоземельных элементов в природных водах Хакасии  |f Н. В. Гусева, Ю. Г. Копылова, С. К. Леушина 
203 |a Текст  |c электронный 
215 |a 1 файл (549 Кб) 
225 1 |a Гидрогеология 
300 |a Заглавие с титульного листа 
300 |a Электронная версия печатной публикации 
320 |a [Библиогр.: с. 146 (14 назв.)] 
330 |a Исследована распространенность редкоземельных элементов в природных водах Хакасии (Ширинский район). Выявлено влияние физико-химических показателей вод на особенности поведения редкоземельных элементов. Установлены уровни накопления элементов в озерных, речных и подземных водах. Предложен новый подход к нормированию содержаний редкоземельных элементов в водах по кларкам гидросферы. 
337 |a Adobe Reader 
461 1 |0 (RuTPU)RU\TPU\book\176237  |t Известия Томского политехнического университета [Известия ТПУ]  |f Томский политехнический университет (ТПУ)  |d 2000- 
463 1 |0 (RuTPU)RU\TPU\book\254945  |x 1684-8519  |t Т. 322, № 1 : Науки о Земле  |v [С. 141-146]  |d 2013 
610 1 |a редкоземельные элементы 
610 1 |a Хакасия 
610 1 |a озера 
610 1 |a реки 
610 1 |a подземные воды 
610 1 |a труды учёных ТПУ 
610 1 |a электронный ресурс 
700 1 |a Гусева  |b Н. В.  |c гидрогеолог  |c профессор Томского политехнического университета, доктор геолого-минералогических наук  |f 1984-  |g Наталья Владимировна  |3 (RuTPU)RU\TPU\pers\27100  |9 12650 
701 1 |a Копылова  |b Ю. Г.  |c российский гидрогеолог  |c доцент Томского политехнического университета, кандидат геолого-минералогических наук  |c директор учебно-научно-производственного центра «Вода»  |f 1941-  |g Юлия Григорьевна  |3 (RuTPU)RU\TPU\pers\26086 
701 1 |a Леушина  |b С. К.  |g Софья Константиновна 
801 1 |a RU  |b 63413507  |c 20090623  |g PSBO 
801 2 |a RU  |b 63413507  |c 20220126  |g PSBO 
850 |a 63413507 
856 4 |u http://earchive.tpu.ru/bitstream/11683/4642/1/bulletin_tpu-2013-322-1-24.pdf 
942 |c CF